| 000 | 00561nam a22001577a 4500 | ||
|---|---|---|---|
| 003 | NUST | ||
| 082 | _a670 | ||
| 100 |
_aCh ,M Fausz Naeem _9121715 |
||
| 245 |
_aEFFECT OF CARBON FIBRE ON REINFORCEMENT OF THERMOPLASTICS USING FDM AND RSM / _cM Fausz Naeem Ch |
||
| 264 |
_aIslamabad: _bSMME- NUST. _c2019. |
||
| 300 |
_bSoft Copy, _c30cm. |
||
| 650 |
_aMS Design and Manufacturing Engineering _9119567 |
||
| 700 |
_aSupervisor : Dr. Shahid Ikramullah Butt _9119623 |
||
| 856 | _uhttp://10.250.8.41:8080/xmlui/handle/123456789/35555 | ||
| 942 |
_2ddc _cTHE |
||
| 999 |
_c608505 _d608505 |
||